00586nam a2200169 a 450000100100000000500170001000800410002702000150006804000250008308200160010810000190012424500870014326000960023030000280032650000340035450400280038800000536320200929151644.0090819s19uu sp a 000 0 spa d a8477823170 aDO-SdBNPbspacBNPHU axxxxbS467i1 aSelles, Manuel10aInstrumentos de navegación :bdel Mediterráneo al Pacífico /cManuel Selles. aMadrid, España :bMinisterio de Obras Públicas, Transportes y Medio Ambiente,c[19--?]. a145 p. :bil. ;c34 cm. aIncluye índice alfabético aBibliografía : p. 143